Dinámica de grupos y educación: fundamentos y técnicas
Uloženo v:
| Hlavní autoři: | , |
|---|---|
| Médium: | Kniha |
| Jazyk: | španělština |
| Vydáno: |
Buenos Aires
Humanitas
1976
|
| Edice: | Colección Guidance, 4
|
| Témata: | |
| Tagy: |
Přidat tag
Žádné tagy, Buďte první, kdo vytvoří štítek k tomuto záznamu!
|
MARC
| LEADER | 00000nam a2200000 a 4500 | ||
|---|---|---|---|
| 001 | UCY4677 | ||
| 003 | CL-VaPUC | ||
| 008 | 950324e19760000AG |||||||||||||||||spa|d | ||
| 082 | 0 | 4 | |a 302.3 |b CIR |2 21 |
| 100 | 0 | |a Cirigliano, Gustavo F. J |e author |9 333146 | |
| 700 | 0 | |a Villaverde, Aníbal |e author |9 333147 | |
| 245 | 1 | 0 | |a Dinámica de grupos y educación: fundamentos y técnicas |
| 300 | |a 238 p | ||
| 942 | |c BK | ||
| 945 | |d 19950324 00:00:00 |a rbrito | ||
| 260 | |a Buenos Aires |b Humanitas |c 1976 | ||
| 650 | 0 | |a Dinámica de grupos |9 259862 | |
| 583 | |a last modification |c 19950324 00:00:00 |k Rodrigo Vera | ||
| 490 | 0 | |a Colección Guidance, 4 | |
| 999 | |c 232461 |d 232459 | ||
| 952 | |0 0 |1 0 |4 0 |6 302_300000000000000_CIR_1976 |7 0 |8 P |9 236945 |a BIBEDU |b BIBEDU |c BIBEDU_PB |d 2019-11-15 |i 3069915 |o 302.3 CIR 1976 |p 3069915 |r 2019-11-15 |w 2019-11-15 |y BK |k EDU | ||
| 952 | |0 0 |1 0 |4 0 |6 302_300000000000000_CIR_1976 |7 0 |8 P |9 236946 |a BIBEDU |b BIBEDU |c BIBEDU_PB |d 2019-11-15 |i 3069923 |o 302.3 CIR 1976 |p 3069923 |r 2019-11-15 |w 2019-11-15 |y BK |k EDU | ||
| 952 | |0 0 |1 0 |4 0 |6 302_300000000000000_CIR_1976 |7 0 |8 P |9 236947 |a BIBEDU |b BIBEDU |c BIBEDU_PB |d 2019-11-15 |i 3069931 |o 302.3 CIR 1976 |p 3069931 |r 2019-11-15 |w 2019-11-15 |y BK |k EDU | ||
| 952 | |0 0 |1 0 |4 0 |6 302_300000000000000_CIR_1976 |7 0 |8 P |9 236948 |a BIBEDU |b BIBEDU |c BIBEDU_PB |d 2019-11-15 |i 306994K |o 302.3 CIR 1976 |p 306994K |r 2019-11-15 |w 2019-11-15 |y BK |k EDU | ||
| 952 | |0 0 |1 0 |4 0 |6 302_300000000000000_CIR_1976 |7 0 |8 P |9 236949 |a BIBEDU |b BIBEDU |c BIBEDU_PB |d 2019-11-15 |i 3069958 |o 302.3 CIR 1976 |p 3069958 |r 2019-11-15 |w 2019-11-15 |y BK |k EDU | ||
| 952 | |0 0 |1 0 |4 0 |6 302_300000000000000_CIR_1976 |7 0 |8 P |9 236950 |a BIBEDU |b BIBEDU |c BIBEDU_PB |d 2019-11-15 |i 3069966 |o 302.3 CIR 1976 |p 3069966 |r 2019-11-15 |w 2019-11-15 |y BK |k EDU | ||
| 952 | |0 0 |1 0 |4 0 |6 302_300000000000000_CIR_1976 |7 0 |8 P |9 236951 |a BIBEDU |b BIBEDU |c BIBEDU_PB |d 2019-11-15 |i 3069974 |o 302.3 CIR 1976 |p 3069974 |r 2019-11-15 |w 2019-11-15 |y BK |k EDU | ||
| 952 | |0 0 |1 0 |4 0 |6 302_300000000000000_CIR_1976 |7 0 |8 P |9 236952 |a BIBEDU |b BIBEDU |c BIBEDU_PB |d 2019-11-15 |i 3069982 |o 302.3 CIR 1976 |p 3069982 |r 2019-11-15 |w 2019-11-15 |y BK |k EDU | ||
| 952 | |0 0 |1 0 |4 0 |6 302_300000000000000_CIR_1976 |7 0 |8 P |9 236953 |a BIBEDU |b BIBEDU |c BIBEDU_PB |d 2019-11-15 |i 3069990 |o 302.3 CIR 1976 |p 3069990 |r 2019-11-15 |w 2019-11-15 |y BK |k EDU | ||
| 952 | |0 0 |1 0 |4 0 |6 302_300000000000000_CIR_1976 |7 0 |8 P |9 236954 |a BIBEDU |b BIBEDU |c BIBEDU_PB |d 2019-11-15 |i 307000K |o 302.3 CIR 1976 |p 307000K |r 2019-11-15 |w 2019-11-15 |y BK |k EDU | ||